[Event "120th ch-NZL"]
[Site "Wellington NZL"]
[Date "2013.01.03"]
[Round "4.8"]
[White "Stuart,P"]
[Black "Nyberg,M"]
[Result "1/2-1/2"]
[WhiteElo "2036"]
[BlackElo "1964"]

1.c4 c6 2.Nf3 Nf6 3.g3 d5 4.b3 Nbd7 5.Bb2 e6 6.Bg2 Bd6 7.cxd5 exd5 8.d4 Qe7
9.O-O O-O 10.Qc2 Ne4 11.Nc3 Ndf6 12.e3 Bg4 13.Nd2 Bf5 14.Ndxe4 dxe4 15.Rfe1 Bg6
16.a4 Rfe8 17.Qc1 Nd5 18.Nxd5 cxd5 19.Ba3 Rac8 20.Bxd6 Qxd6 21.Qb2 Bf5 22.Rec1 Qb4
23.h4 h6 24.Kh2 Bd7 25.Bh3 Rxc1 26.Rxc1 Bxa4 27.Qc3 Qxb3 28.Qxb3 Bxb3 29.Rb1 Bc4
30.Rxb7 Ra8 31.Bd7 g6 32.g4 a5 33.Ba4 Kg7 34.g5 hxg5 35.hxg5 Rh8+ 36.Kg3 Ra8
37.Kf4 Ba6 38.Rd7 Bc4  1/2-1/2

[Event "16th New Year Open"]
[Site "Guben GER"]
[Date "2013.01.04"]
[Round "6"]
[White "Kesten,S"]
[Black "Szylko,W"]
[Result "1/2-1/2"]
[WhiteElo "2225"]
[BlackElo "1981"]

1.c4 c6 2.d4 f5 3.Nf3 Nf6 4.g3 e6 5.Bg2 d5 6.O-O Be7 7.Bg5 Nbd7 8.Nbd2 O-O
9.Qc2 Ng4 10.Bxe7 Qxe7 11.e3 Ndf6 12.h3 Nh6 13.Ne5 Nf7 14.Ndf3 Nxe5 15.Nxe5 Nd7
16.Nd3 Qd6 17.f4 b6 18.cxd5 exd5 19.Rfc1 Bb7 20.Ne5 Nxe5 21.fxe5 Qh6 22.Qf2 g5
23.Rc3 Rf7 24.Kh2 Raf8 25.Rac1 Kh8 26.R1c2 Qe6 27.b4 a6 28.Bf3 Qh6 29.a4 b5
30.axb5 axb5 31.Bg2 Qe6 32.Qe2 Qh6 33.Rc1 Qe6 34.Rf1 Qe7 35.Rc5 Qe6 36.Qh5 h6
37.Rc2 Kg7 38.Rcf2 Bc8 39.Qe2 Qe7 40.Qc2 Bd7 41.Qc5 Qe6 42.Bf3 Qg6 43.Qc2 g4
44.Bg2 Qe6 45.hxg4 fxg4 46.e4 dxe4 47.Bxe4 Rxf2+ 48.Rxf2 Rxf2+ 49.Qxf2 Qe7
50.Qf4 Qe6 51.Bb1 Qe7 52.Bf5 h5 53.Bc2 Be6 54.Be4 Bd5 55.Bxd5 cxd5 56.Qd2 Qd8
57.Kg2 Qe7 58.Kg1 Qe8 59.Qa2 Qe7 60.Qa8 Qf7  1/2-1/2

[Event "XXIV Roquetas Open"]
[Site "Roquetas de Mar ESP"]
[Date "2013.01.04"]
[Round "5.9"]
[White "Enchev,I"]
[Black "Aranaz Murillo,A"]
[Result "1/2-1/2"]
[WhiteElo "2429"]
[BlackElo "2251"]

1.c4 c6 2.d4 d5 3.Nc3 Nf6 4.Nf3 a6 5.c5 Bf5 6.Bf4 Nbd7 7.h3 g6 8.e3 Bg7 9.Be2 Be4
10.O-O Bxf3 11.Bxf3 O-O 12.Re1 Re8 13.e4 dxe4 14.Nxe4 Nxe4 15.Rxe4 e5 16.Bxe5 Nxe5
17.dxe5 Rxe5 18.Rxe5 Bxe5 19.Qb3 Qd4 20.Rd1 Qxb2 21.Qxb2 Bxb2 22.Rb1 Bd4
23.Rxb7 Bxc5 24.Bxc6 Rd8 25.Rd7  1/2-1/2

[Event "XLII Rilton Cup"]
[Site "Stockholm SWE"]
[Date "2013.01.04"]
[Round "8.28"]
[White "Jacobsen,Bo"]
[Black "Norlin,Egor"]
[Result "1-0"]
[WhiteElo "2319"]
[BlackElo "2112"]

1.c4 c6 2.g3 Nf6 3.Nf3 d5 4.Bg2 g6 5.b3 Bg7 6.Bb2 O-O 7.Qc2 Nbd7 8.d3 Re8
9.Ne5 Nxe5 10.Bxe5 dxc4 11.bxc4 Qa5+ 12.Qc3 Qxc3+ 13.Nxc3 Bd7 14.O-O Ng4
15.Bxg7 Kxg7 16.Rfb1 Rab8 17.a4 b6 18.Rb2 Rec8 19.Rab1 Be8 20.Bh3 f5 21.Bxg4 fxg4
22.Kf1 Rc7 23.Ke1 b5 24.axb5 cxb5 25.Kd2 a6 26.cxb5 axb5 27.Rb4 h5 28.Ra1 Rbc8
29.Nd5 Rc2+ 30.Ke3 Bc6 31.Nxe7 Re8 32.Ra7 g5 33.Kd4 Rd8+ 34.Nd5+ Kg6 35.e4 Rxf2
36.Ra6 Rf6 37.Rxb5 Bxd5 38.Rxf6+  1-0

[Event "18th Bosnjaci Open"]
[Site "Bosnjaci CRO"]
[Date "2013.01.05"]
[Round "4.15"]
[White "Doric,N"]
[Black "Dejanovic,M"]
[Result "1-0"]
[WhiteElo "2304"]
[BlackElo "2092"]

1.c4 c6 2.e4 d5 3.cxd5 cxd5 4.exd5 Qxd5 5.Nc3 Qa5 6.d4 e6 7.Nf3 Nf6 8.Bd3 Be7
9.O-O O-O 10.Qe2 Nc6 11.a3 a6 12.Bf4 b5 13.b4 Qd8 14.Ne4 g6 15.Rad1 Nd5 16.Bh6 Re8
17.Rc1 Bb7 18.Nc5 Bxc5 19.dxc5 f6 20.Rfd1 Kf7 21.h4 Rc8 22.Qb2 Qd7 23.Ng5+ Kg8
24.Ne4 Ne5 25.Nxf6+ Nxf6 26.Qxe5 Ng4 27.Qg5 Qd4 28.Qf4 Qxf4 29.Bxf4 e5 30.Bg3 Bc6
31.Bc2 e4 32.Rd4 Nh6 33.Rd2 Nf5 34.Bf4 Nxh4 35.Bb3+ Kg7 36.Rcd1 Nf5 37.Bg5 h6
38.Rd7+ Bxd7 39.Rxd7+ Ne7 40.Bxe7  1-0

[Event "25th Staufer Open"]
[Site "Schwaebisch Gmuend GER"]
[Date "2013.01.05"]
[Round "7.5"]
[White "Seifert,C"]
[Black "Krivoborodov,E"]
[Result "1/2-1/2"]
[WhiteElo "2244"]
[BlackElo "2513"]

1.c4 c6 2.Nf3 d5 3.e3 Nf6 4.Nc3 a6 5.b3 Bg4 6.Bb2 Nbd7 7.h3 Bh5 8.g4 Bg6
9.Nh4 e6 10.Nxg6 hxg6 11.Bg2 dxc4 12.bxc4 Ne5 13.Qb3 Nd3+ 14.Ke2 Nd7 15.Ne4 Nxb2
16.Qxb2 Qc7 17.Rab1 Rb8 18.Qc3 e5 19.d4 Be7 20.Rhd1 f5 21.Ng3 O-O 22.dxe5 Nxe5
23.gxf5 gxf5 24.Nh5 Bc5 25.Bh1 Kh7 26.Rg1 g6 27.Nf4 Rbe8 28.Nd3 Nxd3 29.Qxd3 Rf7
30.Bf3 Rd8 31.Qc2 Rfd7 32.Rbd1 Bb4 33.Rxd7+ Qxd7 34.Rd1 Qxd1+ 35.Qxd1 Rxd1
36.Kxd1 Bc5 37.Ke2 Kg7 38.Kd3 Kf6 39.h4 Ke5  1/2-1/2

[Event "25th Staufer Open"]
[Site "Schwaebisch Gmuend GER"]
[Date "2013.01.05"]
[Round "8.23"]
[White "Junger,U"]
[Black "Nuding,M"]
[Result "1/2-1/2"]
[WhiteElo "2052"]
[BlackElo "2180"]

1.c4 c6 2.Nc3 d5 3.d3 dxc4 4.dxc4 Qxd1+ 5.Kxd1 e5 6.e4 Bc5 7.f3 Be6 8.b3 Nd7
9.Nge2 O-O-O 10.Kc2 Ne7 11.Na4 Bf2 12.Nec3 Ng6 13.Ba3 Bh4 14.b4 Be7  1/2-1/2

[Event "XLII Rilton Cup"]
[Site "Stockholm SWE"]
[Date "2013.01.05"]
[Round "9.10"]
[White "Nithander,V"]
[Black "Lindgren,P"]
[Result "1-0"]
[WhiteElo "2443"]
[BlackElo "2232"]

1.c4 c6 2.Nf3 d5 3.g3 Nf6 4.Bg2 dxc4 5.O-O Nbd7 6.a4 a5 7.Na3 Nb6 8.Qc2 g6
9.Nxc4 Nxc4 10.Qxc4 Bg7 11.e4 O-O 12.d3 Bg4 13.Be3 Nd7 14.d4 Bxf3 15.Bxf3 e6
16.Rfd1 Qe7 17.Bg2 Rfd8 18.Rd2 Nf6 19.h3 Rd7 20.Rad1 Rad8 21.Rd3 Qb4 22.Qc2 Qe7
23.b3 h6 24.Bc1 Kh7 25.Bb2 Qb4 26.Bc3 Qb6 27.Qd2 Ra8 28.Qb2 Ne8 29.d5 Bxc3
30.Qxc3 exd5 31.exd5 c5 32.h4 Rad8 33.Bh3 Re7 34.h5 Qc7 35.hxg6+ fxg6 36.Be6 Nd6
37.Re1 Rf8 38.Rf3 Rxf3 39.Qxf3 Nf5 40.Re4 Ng7 41.Qf6 Nxe6 42.Rxe6 Rxe6 43.dxe6 Qg7
44.Qd8  1-0

[Event "120th ch-NZL"]
[Site "Wellington NZL"]
[Date "2013.01.06"]
[Round "7.8"]
[White "Stuart,P"]
[Black "Li,William Xiang Wei"]
[Result "1/2-1/2"]
[WhiteElo "2036"]
[BlackElo "1801"]

1.c4 c6 2.Nf3 Nf6 3.g3 d5 4.b3 e6 5.Bb2 Bd6 6.Bg2 O-O 7.O-O Re8 8.d4 Nbd7
9.Nbd2 c5 10.Qc2 Qc7 11.Rac1 b6 12.e4 dxe4 13.Ng5 Bb7 14.Ngxe4 Nxe4 15.Nxe4 Be7
16.dxc5 Nxc5 17.Rfd1 Nxe4 18.Bxe4 Bxe4 19.Qxe4 Rad8 20.Qe5 Qxe5 21.Bxe5 Ba3
22.Rb1 Kf8 23.Kf1 f6 24.Bc7 Rxd1+ 25.Rxd1 Ke7 26.Bf4 Rd8 27.Rxd8 Kxd8 28.Ke2 Kd7
29.f3 h5 30.Kd3 Bc5 31.Bd2 a5 32.Bc3 e5 33.h3 Ke6 34.g4 hxg4 35.hxg4 g6 36.Ke4 f5+
37.gxf5+ gxf5+ 38.Kd3 Bd6 39.Be1 Bc5 40.Bh4 Kd6 41.Bd8 Kd7 42.Bh4 Kd6 43.Bg3 Ke6
44.Bh4  1/2-1/2

[Event "18th Bosnjaci Open"]
[Site "Bosnjaci CRO"]
[Date "2013.01.07"]
[Round "7.6"]
[White "Kovacevic,Bl"]
[Black "Blazeka,M"]
[Result "0-1"]
[WhiteElo "2446"]
[BlackElo "2282"]

1.c4 c6 2.Nf3 Nf6 3.Nc3 d5 4.e3 e6 5.b3 Nbd7 6.Bb2 Bd6 7.Qc2 O-O 8.Be2 Qe7
9.O-O e5 10.cxd5 Nxd5 11.Ne4 Ba3 12.Bxa3 Qxa3 13.Ng3 Re8 14.Rfd1 a5 15.d4 Qe7
16.Bc4 e4 17.Bxd5 cxd5 18.Nd2 Nf6 19.Rdc1 Be6 20.Qc7 Qb4 21.Qc3 Qxc3 22.Rxc3 Rec8
23.Rac1 Rxc3 24.Rxc3 Rc8 25.Nb1 Ne8 26.Rxc8 Bxc8 27.Nc3 Be6 28.f3 f5 29.Nge2 g5
30.f4 g4 31.Kf2 Kf7 32.Na4 Nd6 33.Nec3 Nc8 34.Kg3 b6 35.Kh4 Kg6 36.a3 Kh6
37.h3 gxh3 38.Kxh3 Kh5 39.Kg3 Kh6 40.Kh4 Kg6 41.b4 axb4 42.axb4 Bd7 43.b5 Be6
44.Na2 Nd6 45.Nxb6 Nxb5 46.Nb4 Nc3 47.Kg3 Nd1 48.N6xd5 Bxd5 49.Nxd5 Kf7 50.Kh4 Ke6
51.Nc7+ Kd7 52.Nd5 Kd6 53.Nf6 Nxe3 54.Nxh7 Nxg2+ 55.Kg3 Ne3 56.Nf6 Nc2 57.d5 Ne3
58.Nh5 Kxd5 59.Kf2 Kd4 60.Ke2 Nd5 61.Kf2 e3+ 62.Kf3 Kd3 63.Ng3 Nc3 64.Nxf5 e2  0-1

[Event "120th ch-NZL"]
[Site "Wellington NZL"]
[Date "2013.01.08"]
[Round "9.6"]
[White "Li,William Xiang Wei"]
[Black "Russell,MKA"]
[Result "0-1"]
[WhiteElo "1801"]
[BlackElo "2274"]

1.c4 c6 2.g3 d5 3.Nf3 Nf6 4.Bg2 dxc4 5.O-O Nbd7 6.Na3 Nb6 7.Ne5 Qd4 8.Nxc6 bxc6
9.Bxc6+ Bd7 10.Nb5 Qe5 11.Bxa8 Nxa8 12.Nc3 Bc6 13.d3 Qh5 14.dxc4 Qh3 15.f3 Ng4
16.Rf2 Nxf2 17.Qd4 Ng4 18.Qxg4 Qxg4 19.fxg4 h5 20.g5 e6 21.a3 h4 22.Bf4 Bc5+
23.Kf1 hxg3 24.Bxg3 Be3 25.h4 Bxg5 26.Bf2 Bxh4 27.Bxa7 Bf6 28.Nd1 g5 29.Rb1 g4
30.b4 Be4 31.Rc1 g3 32.Bg1 g2+ 33.Kf2 Rh1 34.Nc3 Bh4+ 35.Ke3 Bg5+ 36.Kxe4 Bxc1
37.Bd4 Bxa3  0-1

[Event "Prague Open A 2013"]
[Site "Prague CZE"]
[Date "2013.01.12"]
[Round "4.4"]
[White "Baumegger,S"]
[Black "Doros,R"]
[Result "1-0"]
[WhiteElo "2462"]
[BlackElo "2304"]

1.c4 c6 2.e4 d5 3.exd5 cxd5 4.d4 Nf6 5.Nc3 Nc6 6.Bg5 dxc4 7.d5 Ne5 8.Nf3 Bg4
9.Bxc4 Nxc4 10.Qa4+ Qd7 11.Qxc4 Bxf3 12.gxf3 h6 13.Bxf6 exf6 14.O-O-O Bd6
15.Rhe1+ Kf8 16.Kb1 Rc8 17.Qd3 Bxh2 18.d6 Be5 19.f4 Bxc3 20.Re7 Qc6 21.bxc3 g6
22.Rde1 Qb6+ 23.Ka1 Qc6 24.c4 Rg8 25.Qd4 Rd8 26.Rxf7+  1-0

[Event "TCh-FIN SM 2012-13"]
[Site "Salo FIN"]
[Date "2013.01.12"]
[Round "8.2"]
[White "Kiik,K"]
[Black "Pohjala,H"]
[Result "1/2-1/2"]
[WhiteElo "2419"]
[BlackElo "2306"]

1.c4 c6 2.e4 e5 3.Nf3 d6 4.d4 Qc7 5.Nc3 Bg4 6.Be2 Nd7 7.O-O Ngf6 8.Be3 Be7
9.h3 Bxf3 10.Bxf3 exd4 11.Qxd4 O-O 12.b3 Rfe8 13.Rae1 Nc5 14.Qd2 a5 15.Bxc5 dxc5
16.e5 Nd7 17.e6 fxe6 18.Bh5 Red8 19.Qe2 Nf8 20.Bg4 Bf6 21.Ne4 Bd4 22.Ng5 Re8
23.Kh1 e5 24.Bf5 g6 25.Bb1 Ne6 26.Nxe6 Rxe6 27.f4 e4 28.Qg4 Rae8 29.f5 Rf6
30.Bxe4 Ref8 31.Rf3 Kg7 32.Ref1 Qe5 33.Bd3 Qd6 34.g3 Kh8 35.fxg6 Rxf3 36.Rxf3 Rxf3
37.Qxf3 hxg6 38.Kg2 Kg7 39.h4 Qe6 40.h5 gxh5 41.Qxh5 Qf7 42.Qg5+ Kf8 43.Bf5 Qe7
44.Qh6+ Qg7 45.Qe6 Qe7 46.Qh6+ Qg7 47.Qf4 Qe5 48.Qf3 Qe3 49.Qxe3 Bxe3 50.Kf3 Bd2
51.Bc8 a4 52.bxa4 b6 53.Ke4 Kg7 54.Kf5 Be1 55.g4 Bd2 56.Bd7 Bc3 57.Bxc6 Bd2
58.Be4 Bc3 59.Ke6 Bd2 60.Bf5 Be1 61.a5 Bxa5  1/2-1/2

[Event "TCh-CZE Div1 Vychod 2012-13"]
[Site "Czech Republic CZE"]
[Date "2013.01.13"]
[Round "5.4"]
[White "Poloch,P"]
[Black "Sedlacek,O"]
[Result "1/2-1/2"]
[WhiteElo "2290"]
[BlackElo "2223"]

1.c4 c6 2.Nf3 d5 3.e3 Nf6 4.Nc3 Bf5 5.cxd5 cxd5 6.Qb3 Bc8 7.Bb5+ Nc6 8.Ne5 Qd6
9.d4 a6 10.Bxc6+ bxc6 11.Qb6 Bd7 12.Na4 c5 13.Nxd7 Nxd7 14.Qxd6 exd6 15.Bd2 Rb8
16.O-O-O Nb6 17.Nxb6 Rxb6 18.dxc5 dxc5 19.Bc3 Rd6 20.Rd3 Ke7 21.Be5 Rd7 22.Rb3 h5
23.Rb6 Rh6 24.Rxh6 gxh6 25.Rd1 Ke6 26.Bf4 h4 27.Rd3 c4 28.Rd1  1/2-1/2

[Event "PSC Cup 2013"]
[Site "Manila PHI"]
[Date "2013.01.16"]
[Round "4.14"]
[White "Calvelo,Jelvis"]
[Black "Elorta,D"]
[Result "0-1"]
[WhiteElo "2059"]
[BlackElo "2343"]

1.c4 c6 2.d4 d5 3.e3 Nf6 4.Nc3 a6 5.Bd3 b5 6.b3 Bg4 7.Nf3 e6 8.O-O Nbd7 9.cxd5 cxd5
10.Bb2 Bd6 11.Rc1 O-O 12.Re1 Qb8 13.h3 Bh5 14.Be2 Rc8 15.Nd2 Bg6 16.Nf1 Ra7
17.Bd3 Rac7 18.Bxg6 hxg6 19.Re2 Qb6 20.Nb1 Rxc1 21.Bxc1 Qc7 22.Bb2 b4 23.Qd3 Qa5
24.Ba1 Qb5 25.Qd1 Qc6 26.Bb2 Ne4 27.Qd3 a5 28.f3 Ng3 29.Rd2 a4 30.bxa4 Qxa4
31.Qb3 Qc6 32.Nxg3 Bxg3 33.Kf1 Qa6+ 34.Kg1 Nb6 35.a3 Nc4 36.Rc2 bxa3 37.Nxa3 Rb8
38.Qd3 Qa4 39.Nxc4 Rb3 40.Qd1 dxc4 41.Qc1 Rd3 42.Kf1 Qb3 43.Ke2 Rxe3+ 44.Qxe3 Qxc2+
45.Qd2 Qb1 46.Bc1 Qb5 47.Qc3 Bd6 48.Bd2 e5 49.dxe5 Bxe5 50.Qa5 Qe8 51.Kd1 Bf6
52.Qc5 Qa4+ 53.Ke2  0-1

[Event "Dvorkovich Mem 2013"]
[Site "Taganrog RUS"]
[Date "2013.01.16"]
[Round "2.14"]
[White "Dobrov,V"]
[Black "Bykov,Egor"]
[Result "1-0"]
[WhiteElo "2524"]
[BlackElo "2047"]

1.c4 c6 2.e4 d5 3.exd5 cxd5 4.d4 Nf6 5.Nc3 Nc6 6.Bg5 dxc4 7.Bxc4 e6 8.Nf3 Be7
9.Qe2 O-O 10.Rd1 Qa5 11.O-O Rd8 12.Bh4 Qh5 13.Rfe1 Na5 14.Bd3 b6 15.d5 Bb7
16.dxe6 Bxf3 17.exf7+ Kh8 18.Qxf3 Qxh4 19.Rxe7 Ng4 20.Qxa8 Qxe7 21.Qe4 Qxe4
22.Bxe4 Rf8 23.Bd5 Nf6 24.b4 Nxd5 25.Nxd5 Nc4 26.Nf4  1-0

[Event "Paul Keres Mem FIDE 2013"]
[Site "Tallin EST"]
[Date "2013.01.16"]
[Round "6.1"]
[White "Kukk,S"]
[Black "Abozenko,G"]
[Result "1-0"]
[WhiteElo "2184"]
[BlackElo "1915"]

1.c4 c6 2.Nf3 d5 3.b3 Bf5 4.Bb2 Nf6 5.g3 h6 6.Bg2 e6 7.O-O Nbd7 8.d3 Qc7
9.Nc3 Be7 10.Re1 O-O 11.cxd5 exd5 12.e4 dxe4 13.dxe4 Bg4 14.h3 Bh5 15.g4 Bg6
16.Nh4 Nxg4 17.Qxg4  1-0

[Event "TCh-AUT 2012-13"]
[Site "Graz AUT"]
[Date "2013.01.17"]
[Round "4.2"]
[White "Weiss,C"]
[Black "Buhmann,R"]
[Result "1/2-1/2"]
[WhiteElo "2406"]
[BlackElo "2594"]

1.c4 c6 2.d4 d5 3.Nf3 Nf6 4.Nc3 a6 5.c5 g6 6.Bf4 Nh5 7.e3 Nxf4 8.exf4 Bg7
9.Be2 Qc7 10.g3 Bh3 11.Ng5 Bf5 12.O-O Nd7 13.Re1 O-O 14.Bd3 e6 15.Bxf5 exf5
16.Nf3 Rfe8 17.Ne5 Nf8 18.h4 Ne6 19.Qd3 Bxe5 20.Rxe5 b6 21.Na4 bxc5 22.Nxc5 Nxc5
23.Rxe8+ Rxe8 24.dxc5 Qa5 25.a3 Qxc5 26.Qxa6 Qc2 27.Qb6 Re2 28.b4 Qc3 29.Rd1 Qc2
30.Rf1 Qc4 31.a4 Re4 32.a5 Qxb4 33.Qxb4 Rxb4 34.Rc1 Ra4 35.Rxc6 Rxa5 36.h5 Kg7
37.hxg6 hxg6 38.Kg2 Kf8 39.Rc7 Ra3 40.Rd7 Rd3 41.Kf1 Ke8 42.Ra7 Rb3 43.Ke2 Rb5
44.Ke3 Kf8 45.Rc7 Kg7 46.Rc6 Rb3+ 47.Ke2 Rb2+ 48.Ke3 d4+ 49.Kxd4 Rxf2 50.Ke3 Ra2
51.Kf3 Kh6 52.Rc8 Ra6 53.Rh8+ Kg7 54.Rc8 Ra3+ 55.Kg2 Ra7 56.Kf3 f6 57.Rb8 g5
58.fxg5 fxg5 59.Rb6 Ra3+ 60.Kf2 Rd3 61.Ra6 Kf7 62.Rb6 g4 63.Ra6 Rf3+ 64.Kg2 Re3
65.Kf2 Re6 66.Ra5 Kf6 67.Ra2 Rd6 68.Kg2 Rd3 69.Rf2 Ke5 70.Rf1 Rd2+ 71.Kg1 Rd5
72.Kg2 Rc5 73.Rf2 Ke4 74.Rf4+ Ke3 75.Kg1 Kd2 76.Kg2 Re5 77.Kg1 Ke2 78.Kg2 Rd5
79.Rf2+ Ke3 80.Rf4 Rd2+ 81.Kg1 Rd1+  1/2-1/2

[Event "Dvorkovich Mem 2013"]
[Site "Taganrog RUS"]
[Date "2013.01.17"]
[Round "3.21"]
[White "Demianjuk,A"]
[Black "Bykova,Anastasia"]
[Result "1-0"]
[WhiteElo "2340"]
[BlackElo "2025"]

1.c4 c6 2.Nf3 d5 3.e3 Nf6 4.Nc3 Qb6 5.d4 Bf5 6.Ne5 h6 7.cxd5 cxd5 8.Bb5+ Nc6
9.Qb3 e6 10.Bxc6+ bxc6 11.Qxb6 axb6 12.Nxc6 Rc8 13.Na7 Ra8 14.Nab5 Kd7 15.Ke2 Bb4
16.Bd2 Bxc3 17.Nxc3 Ne4 18.Nxe4 Bxe4 19.f3 Bc2 20.Rhc1 Rhc8 21.Bc3 Ba4 22.e4 Bc6
23.e5 f5 24.exf6 gxf6 25.Ke3 Kd6 26.Kf4 Ra4 27.a3 Re8 28.Bb4+ Kd7 29.Re1 Rg8
30.g4 Raa8 31.Rac1 Rae8 32.h4 Rg7 33.Rc3 Rf7 34.Rec1 Rc8 35.R3c2 Bb7 36.Rxc8 Bxc8
37.Bd6 Kxd6 38.Rxc8 e5+ 39.Ke3 f5 40.dxe5+ Kxe5 41.f4+ Kd6 42.g5 hxg5 43.fxg5 f4+
44.Kf3 Ke5 45.g6 Rd7 46.Rf8 d4 47.Ke2 d3+ 48.Kd2 Ke4 49.h5 Rc7 50.Re8+ Kf5
51.Kxd3 Kg5 52.Re5+ Kf6 53.Rb5  1-0

[Event "TCh-AUT 2012-13"]
[Site "Graz AUT"]
[Date "2013.01.18"]
[Round "5.5"]
[White "Ennsberger,U"]
[Black "Schneider,Il"]
[Result "1/2-1/2"]
[WhiteElo "2368"]
[BlackElo "2489"]

1.c4 c6 2.e4 d5 3.exd5 cxd5 4.d4 Nf6 5.Nc3 Nc6 6.Bg5 dxc4 7.Bxc4 Qxd4 8.Nb5 Qb6
9.Be3 Qa5+ 10.Bd2 Qb6 11.Be3 Qa5+ 12.Bd2 Qb6 13.Be3 Qa5+ 14.Bd2  1/2-1/2

[Event "38th Seville Open"]
[Site "Seville ESP"]
[Date "2013.01.18"]
[Round "8.17"]
[White "Sgnaolin,D"]
[Black "Medina Carrasco,S"]
[Result "1-0"]
[WhiteElo "2269"]
[BlackElo "2166"]

1.c4 c6 2.Nf3 d5 3.b3 Nf6 4.Bb2 g6 5.g3 Bg7 6.Bg2 O-O 7.O-O Nbd7 8.d3 Re8
9.Qc2 e5 10.cxd5 Nxd5 11.a3 N7b6 12.Nbd2 h5 13.Rad1 Bg4 14.Nc4 Bxf3 15.Bxf3 h4
16.d4 hxg3 17.hxg3 exd4 18.Bxd4 Bxd4 19.Rxd4 Qf6 20.Rh4 Kg7 21.Kg2 Rh8 22.Rfh1 Rxh4
23.Rxh4 Rh8 24.Rxh8 Kxh8 25.Na5 Qe7 26.b4 Kg8 27.Qe4 Qd7 28.Qe5 Qc8 29.b5 Qc7
30.Qe8+ Kg7 31.bxc6 bxc6 32.Qxc6 Qe5 33.Nb7 Qg5 34.Qd6 Nc3 35.Nd8 Nb5 36.Qd3 Nxa3
37.Nxf7 Kxf7 38.Qxa3 Qe7 39.Qb3+ Qe6 40.Qb5 Kg7 41.Qa6 Qf7 42.Bb7 Nd7 43.Qxa7 Nf6
44.Qb6 Qe7 45.Bf3 Qe5 46.e3 Qe8 47.Qc7+ Kh6 48.Qf4+ Kg7 49.Qd4 Qe6 50.e4 g5
51.e5 Nd7 52.Bg4 Qc6+ 53.Kg1 Nf8 54.e6+ Kh6 55.Qf6+ Ng6 56.Bf5 Qe8 57.Bxg6  1-0

[Event "Dvorkovich Mem 2013"]
[Site "Taganrog RUS"]
[Date "2013.01.18"]
[Round "4.26"]
[White "Korchmar,V"]
[Black "Bykov,Egor"]
[Result "1-0"]
[WhiteElo "2260"]
[BlackElo "2047"]

1.c4 c6 2.d4 d5 3.Nc3 Nf6 4.cxd5 cxd5 5.Bf4 Nc6 6.e3 a6 7.Bd3 Qb6 8.Nge2 Bg4
9.O-O e6 10.f3 Bh5 11.Na4 Qa5 12.Rc1 Be7 13.a3 O-O 14.b4 Qd8 15.Nc5 Qb6 16.g4 Bg6
17.Bxg6 fxg6 18.g5 Nh5 19.Nd7 Qd8 20.Nxf8 Kxf8 21.h4 h6 22.Qd3 Kf7 23.Rf2 hxg5
24.hxg5 Bxg5 25.Rg2 Nxf4 26.Nxf4 Qf6 27.Nxg6 Rc8 28.Rcc2 Bh6 29.f4 Rd8 30.Ne5+ Nxe5
31.fxe5 Qh4 32.Qg6+ Kg8 33.Rcf2 Qh3 34.Rg3 Qh4 35.Rh2 Bxe3+ 36.Rxe3 Qxd4
37.Qxe6+  1-0

[Event "e2e4 Chester Open"]
[Site "Chester ENG"]
[Date "2013.01.20"]
[Round "5"]
[White "Garnett,J"]
[Black "Lee,Richard W Y"]
[Result "0-1"]
[WhiteElo "2030"]
[BlackElo "2094"]

1.c4 c6 2.g3 d5 3.Bg2 Nf6 4.Nf3 g6 5.O-O Bg7 6.d4 O-O 7.Nc3 dxc4 8.a4 a5
9.e3 Nbd7 10.b3 Nb6 11.Rb1 Bf5 12.Rb2 Bd3 13.Re1 Nfd5 14.Bd2 cxb3 15.Nxd5 cxd5
16.Qxb3 Nc4 17.Ra2 Be4 18.Bc1 Qc7 19.Nd2 Bxg2 20.Kxg2 Rfc8 21.Nxc4 Qxc4 22.Rb2 e6
23.Bd2 Bf8 24.Rc1 Qxb3 25.Rxb3 Rxc1 26.Bxc1 Bb4 27.Ba3 Bxa3 28.Rxa3 Rc8 29.Rb3 Rc4
30.Rxb7 Rxa4 31.Ra7 g5 32.g4 Kg7 33.Kg3 Ra2 34.h4 gxh4+ 35.Kxh4 Rxf2 36.Rxa5 Rf3
37.Ra3 Kg6 38.Rb3 h6 39.Ra3 f5 40.gxf5+ Kxf5 41.Rb3 Ke4 42.Rb6 Kxe3 43.Rxe6+ Kxd4
44.Rxh6 Kd3 45.Kg4 Rf8 46.Rd6 d4 47.Kg3 Ke3 48.Re6+ Kd2 49.Re7 d3 50.Kg2 Kd1
51.Kg1 d2 52.Kg2 Rf5 53.Re8 Kc2 54.Rc8+ Kd3 55.Rd8+ Ke3 56.Kg3 Rg5+ 57.Kh4 Rg1
58.Re8+ Kf4 59.Rf8+ Ke5 60.Re8+ Kf6  0-1

[Event "TCh-AUT 2012-13"]
[Site "Graz AUT"]
[Date "2013.01.20"]
[Round "7.5"]
[White "Schachinger,M"]
[Black "Schneider,Il"]
[Result "1/2-1/2"]
[WhiteElo "2426"]
[BlackElo "2489"]

1.c4 c6 2.e4 d5 3.exd5 cxd5 4.d4 Nf6 5.Nc3 Nc6 6.Nf3 Bg4 7.cxd5 Nxd5 8.Qb3 Bxf3
9.gxf3 e6 10.Qxb7 Nxd4 11.Bb5+ Nxb5 12.Qc6+ Ke7 13.Qxb5 Nxc3 14.bxc3 Rb8
15.Qc5+ Ke8 16.Qxa7 Bd6 17.O-O Rb5 18.f4 Qh4 19.Qa8+ Ke7 20.Qa7+ Ke8 21.Qa8+ Ke7
22.Qa7+  1/2-1/2

[Event "Marianske Lazne Open 2013"]
[Site "Marianske Lazne CZE"]
[Date "2013.01.22"]
[Round "5.34"]
[White "Samarin,Leonid"]
[Black "Jablon,S"]
[Result "1-0"]
[WhiteElo "1787"]
[BlackElo "1931"]

1.c4 c6 2.Nc3 d5 3.cxd5 cxd5 4.d4 e5 5.e3 e4 6.f3 f5 7.fxe4 dxe4 8.Bc4 Bd6
9.Nge2 a6 10.Qb3 Nh6 11.Bd2 Nc6 12.Be6 Nb4 13.Nf4 Bxf4 14.Bxc8 Qh4+ 15.Kd1 Rxc8
16.Qxb4 Bxh2 17.Kc2 Qg3 18.Qa4+ b5 19.Qxa6 O-O 20.Qxb5 Ng4 21.Qe2 Rc6 22.b4 Rfc8
23.Kb2 g6 24.Rac1 Nf2 25.Be1 Nd3+ 26.Qxd3 Qxg2+ 27.Qc2 Qxh1 28.Bg3 Rxc3 29.Qxc3 Qxc1+
30.Qxc1 Rxc1 31.Bxh2 Rc8 32.b5 g5 33.a4 f4 34.exf4 gxf4 35.Bxf4 Rc4 36.Kb3 Rxd4
37.b6 e3 38.b7 Rd8 39.a5 e2 40.Bg3 Kf7 41.Kc4 Ke6 42.a6 Rg8 43.Be1 Rb8 44.a7 Rxb7
45.a8=Q Re7 46.Qd5+ Kf6 47.Bh4+ Kg7 48.Qg5+  1-0

[Event "Asian Zone 3.3"]
[Site "Tagaytay City PHI"]
[Date "2013.01.22"]
[Round "1.21"]
[White "Barcenilla,R"]
[Black "Andador,A"]
[Result "1-0"]
[WhiteElo "2483"]
[BlackElo "2326"]

1.c4 c6 2.Nf3 d5 3.g3 Nf6 4.Bg2 Bf5 5.b3 a5 6.O-O a4 7.cxd5 cxd5 8.bxa4 Nc6
9.d3 e6 10.Qb3 Nd7 11.Be3 Be7 12.Nc3 O-O 13.Rab1 Nc5 14.Bxc5 Bxc5 15.Qxb7 Nd4
16.Nxd4 Bxd4 17.Nb5 Bf6 18.e4 Bg6 19.Na7 dxe4 20.dxe4 Qd2 21.Nc6 Rxa4 22.Rbd1 Qb2
23.Qd7 Rxa2 24.Qd6 Bh5 25.Rb1 Qa3 26.Qxa3 Rxa3 27.e5 Bd8 28.Rb8 Rd3 29.Be4 Rd2
30.Ra1 f5 31.Bg2 g5 32.h3 Bc7 33.Rb7 Rd7 34.Raa7 Rff7 35.Ra8+ Kg7 36.Raa7 Be2
37.Nb4 f4 38.gxf4 gxf4 39.Bc6 Rde7  1-0

[Event "Asian Zone 3.3"]
[Site "Tagaytay City PHI"]
[Date "2013.01.22"]
[Round "1.7"]
[White "Gomez,Joh"]
[Black "Yeoh,L"]
[Result "1/2-1/2"]
[WhiteElo "2520"]
[BlackElo "2278"]

1.c4 c6 2.d4 d5 3.Nf3 Nf6 4.e3 Bf5 5.Nc3 e6 6.Nh4 Be4 7.f3 Bg6 8.Qb3 Qb6
9.Nxg6 hxg6 10.Bd2 Nbd7 11.g3 Be7 12.O-O-O O-O 13.Kb1 Rfd8 14.g4 Rac8 15.g5 Ne8
16.h4 Nd6 17.c5 Qxb3 18.axb3 Nf5 19.Bd3 b6 20.Ba6 Rb8 21.b4 bxc5 22.bxc5 e5
23.Bc1 exd4 24.exd4 Nf8 25.Bf4 Rb4 26.Bc7 Re8 27.Ba5 Rb3 28.Ne2 Ne6 29.Bc3 Rbb8
30.Bd3 Bd8 31.f4 Ne3 32.Rdg1 Bc7 33.h5 gxh5 34.f5 Nf8 35.g6 Nxf5 36.gxf7+ Kxf7
37.Rxh5 g6 38.Rh3 Re6 39.Rgh1 Rbe8 40.Nc1 R8e7 41.Ba6 Re3 42.Bb7 Rxh3 43.Rxh3 Re6
44.Nd3 Ne7 45.Bd2 a5 46.Bh6 Nf5 47.Bxf8 Kxf8 48.Rh8+ Ke7 49.Rh7+ Kd8 50.Rh8+ Kd7
51.Rh7+ Kd8  1/2-1/2

[Event "Marianske Lazne Open 2013"]
[Site "Marianske Lazne CZE"]
[Date "2013.01.23"]
[Round "6.11"]
[White "Gschwendtner,S"]
[Black "Larsen,Pet"]
[Result "0-1"]
[WhiteElo "1985"]
[BlackElo "2209"]

1.c4 c6 2.Nf3 d5 3.e3 Nf6 4.Nc3 a6 5.b3 Bg4 6.h3 Bxf3 7.gxf3 d4 8.exd4 Qxd4
9.Bb2 e5 10.Na4 Qh4 11.Bxe5 Nbd7 12.Bg3 Qd4 13.Qe2+ Kd8 14.Nc3 Bb4 15.Qd3 Re8+
16.Kd1 Qc5 17.Kc2 Bxc3 18.Qxc3 Nh5 19.d4 Qf5+ 20.Qd3 Nxg3 21.fxg3 Qa5 22.Bg2 Kc7
23.Qd2 Qa3 24.Qf4+ Kb6 25.Rhd1 Re2+ 26.Rd2 Rae8 27.Kd3 R2e7 28.Rf2 Ka7 29.Qc1 Qd6
30.Qf4 Qb4 31.Rd1 Nc5+ 32.Kc2 Qa3 33.Kb1 Re2  0-1

[Event "11th Gibraltar Masters"]
[Site "Caleta ENG"]
[Date "2013.01.24"]
[Round "3.11"]
[White "Jones,G"]
[Black "Tischbierek,R"]
[Result "1-0"]
[WhiteElo "2632"]
[BlackElo "2472"]

1.c4 c6 2.d4 d5 3.Nc3 dxc4 4.e4 b5 5.a4 b4 6.Nb1 Ba6 7.Qc2 e6 8.Bxc4 Bxc4
9.Qxc4 Nf6 10.Bf4 Nbd7 11.Nd2 c5 12.Ngf3 cxd4 13.Rc1 Bc5 14.Nb3 Rc8 15.Nxc5 Rxc5
16.Qxb4 Rxc1+ 17.Bxc1 e5 18.O-O Qb6 19.Qa3 Nxe4 20.Re1 f5 21.Qa2 h6 22.Qd5 Qd6
23.Qxd6 Nxd6 24.Nxe5 Nxe5 25.Rxe5+ Kf7 26.Rd5 Rc8 27.Bf4 g5 28.Rxd6 gxf4
29.Kf1 Rc4 30.a5 f3 31.gxf3 Rb4 32.Rxh6 Rxb2 33.Rh7+ Ke6 34.Rxa7 d3 35.Ke1 Re2+
36.Kd1 Rxf2 37.a6 Rxh2 38.Ra8  1-0

[Event "11th Gibraltar Masters"]
[Site "Caleta ENG"]
[Date "2013.01.24"]
[Round "3.38"]
[White "Short,N"]
[Black "Valgmae,Toomas"]
[Result "1-0"]
[WhiteElo "2690"]
[BlackElo "2218"]

1.c4 c6 2.Nf3 d5 3.e3 Nf6 4.Nc3 e6 5.b3 Nbd7 6.Bb2 Bd6 7.h3 O-O 8.Qc2 a6
9.g4 Nc5 10.g5 Ne8 11.d4 Nd7 12.h4 b5 13.Bd3 f5 14.gxf6 Ndxf6 15.c5 Bb8 16.Ne5 Bxe5
17.dxe5 Ng4 18.Bxh7+ Kh8 19.Nd1 b4 20.Bg6 a5 21.f4 Nc7 22.Qe2 Nh6 23.Nf2 Bd7
24.Ng4 Be8 25.h5 a4 26.Nxh6 gxh6 27.f5 axb3 28.f6 Rxa2 29.Rxa2 bxa2 30.Qg4 Qa8
31.Kf2 Rg8 32.Qf4  1-0

[Event "11th Gibraltar Masters"]
[Site "Caleta ENG"]
[Date "2013.01.25"]
[Round "4.70"]
[White "Loew,Gera"]
[Black "Georgieva,E"]
[Result "1-0"]
[WhiteElo "2231"]
[BlackElo "1949"]

1.c4 c6 2.g3 d5 3.Bg2 Nf6 4.Nf3 Bf5 5.cxd5 cxd5 6.Qb3 Qc8 7.Nc3 e6 8.d3 Be7
9.O-O O-O 10.Bf4 Nh5 11.Bxb8 Rxb8 12.e4 dxe4 13.dxe4 Bg6 14.Rac1 Qe8 15.e5 Bd3
16.Rfd1 Ba6 17.Nd4 Bg5 18.Rc2 Qe7 19.Ne4 Bh6 20.Bf3 Nf4 21.gxf4 Bxf4 22.Ng3 Bxe5
23.Qe3 Qf6 24.Nh5 Qg6+ 25.Kh1 Bxd4 26.Qxd4 f6 27.Rc7 Qf5 28.Rxg7+ Kh8 29.Be4 Qxh5
30.Rxh7+ Qxh7 31.Bxh7 Kxh7 32.Rg1  1-0